000 00622nam a22001817a 4500
003 BD-DhUL
005 20170607134210.0
008 170607s2014 bg ab||| |||| 001 0 eng d
020 _a9789845061346
040 _aBD-DhUL
_cBD-DhUL
082 _a305.5232
_bARW
100 1 _aArens, Jenneke
245 1 0 _aWomen, land and power in Bangladesh :
_bJhagrapur revisited /
_c Jenneke Arens
260 _aDhaka :
_bUniversity Press,
_c2014.
504 _aGlossary: p. xv-xvii Bibliography: p. 291-304 Includes bibliographical references and index
650 0 _aWomen landowners
_zBangladesh - Jhagrapur
942 _2ddc
_cBK
999 _c204273
_d204273